02086nam0a22002891 4500001001100000005001700011021001700028021002100045035002600066100004100092101002800133102000700161105001800168200037500186210003400561215001500595300007600610300050700686513012301193513010301316513010301419513007501522710013901597801001801736801002201754852002001776rc\372510320250610064947.0 aRUb71-61354 aRUbРг15175-72 a(NLR Aleph) 007776230 a20130115d1971 |||y0rusy50 ca0 arusageraengafrealit aRU ay z |||||1 aМатериалы к Симпозиуму по исследованию вида Vimba Vimba (L.) в границах ареала. (Ленинград, 23 августа 1971 г.)fСов. нац. ком. по Междунар. биол. программе. Ин-т зоологии и паразитологии АН ЛитССР. XVIII Лимнол. конгресс aВильнюсcБ. и.d1971 a86 с.d20 aТекст на рус., нем., англ., фр. и литов. яз. aДоп. тит. листы: на англ. яз.: Materials for the Symposium on the investigations of the species Vimba Vimba (L.) within its arrea; на фр. яз.: Matière des rapports du Symposium concernant les etudes sur l'espece Vimba Vimba (L.) dans les limites de son arreal; на нем. яз.: Die Materialen zum Simposium für Erforschung der Vimba, Vimba (L.) art in den Grenzen des Areals; на литов. яз.: Medžiaga rušies Vimba, Vimba (L.) tyrimo arealo bibose Simpoziumui0 aMatière des rapports du Symposium concernant les etudes sur l'espece Vimba Vimba (L.) dans les limites de son arreal0 aDie Materialen zum Simposium für Erforschung der Vimba, Vimba (L.) art in den Grenzen des Areals0 aMaterials for the Symposium on the investigations of the species Vimba Vimba (L.) within its arrea0 aMedžiaga rušies Vimba, Vimba (L.) tyrimo arealo bibose Simpoziumui12aСимпозиум по исследованию вида Vimba Vimba (L.) в границах ареала (1971; Ленинград) 0aRUbNLRgpsbo 1aRUbELAR2rusmarc aNLRj72-4/23315